000 00431nam a22001817a 4500
005 20250809142530.0
008 250809b |||||||| |||| 00| 0 eng d
020 _a9781841493466
_qpbk
041 _aeng
082 _a823.914 HOL
100 _aHolt Tom
245 _aSaints And Sinners
_c/ Tom Holt
250 _a1st ed
260 _aLondon
_bOrbit
_c2004
300 _a628p. :
_c22cm
650 _aFiction
942 _cENGLISH
999 _c579647
_d579647